Guía emocional de la ciudad romantica / (Registro nro. 13926)
[ vista simple ]
| 000 -LIDER | |
|---|---|
| fixed length control field | 00944nam a2200265 u 4500 |
| 001 - NÚMERO DE CONTROL | |
| Identificador de número de control | |
| 003 - IDENTIFICACDOR DE NÚMERO DE CONTROL | |
| control field | DO-SdBNP |
| 005 - DATE AND TIME OF LATEST TRANSACTION | |
| control field | 20211228073821.0 |
| 008 - ELEMENTOS DE LONGITUD FIJA | |
| fixed length control field | 090702s1992 dr ac 000 0 spa d |
| 040 ## - FUENTE DE CATALOGACIÓN | |
| Agencia que crea de manera original el registro | DO-SdBNP |
| Idioma de catalogación | spa |
| Agencia que realiza la transcripción | BPMSU |
| 082 ## - NÚMERO DE CLASIFICACIÓN DECIMAL DE DEWEY | |
| Classification number | 917.293 |
| Item number | B171g, 1992 |
| Edition number | 22 |
| 100 1# - ASIENTO PRINCIPAL -- NOMBRE PERSONAL | |
| Nombre personal | Balaguer, Joaquín, |
| Fechas asociadas con el nombre | 1906-2002 |
| 9 (RLIN) | 2 |
| 245 10 - MENCIÓN DE TITULO | |
| Título | Guía emocional de la ciudad romantica / |
| Mención de responsabilidad | Joaquín Balaguer. |
| 250 ## - MENCIÓN DE EDICION | |
| Mención de edición | 4a ed. |
| 260 ## - PUBLICACIÓN, DISTRIBUCIÓN, ETC. (PIE DE IMPRENTA) | |
| Lugar de publicación, distribución, etc | Tokio : |
| Nombre del editor, distribuidor, etc. | Soka Gakkai internacional, |
| Fecha de publicación, distribución, etc | 1992. |
| 300 ## - DESCRIPCIÓN FÍSICA | |
| Extensión | 235 p. : |
| Otros detalles físicos | il., retrs ; |
| Dimensiones | 28 cm. |
| 500 ## - NOTA GENERAL | |
| Nota general | Incluye índice de ilustraciones |
| 500 ## - NOTA GENERAL | |
| Nota general | Incluye referencias bibliográficas y notas al pie de las páginas |
| 590 ## - NOTA LOCAL | |
| Enlace | Inventariado, 2021/VM |
| 650 #4 - ENCABEZAMIENTO DE MATERIA--TEMÁTICO | |
| Término temático o nombre geográfico como elemento de entrada | Monumentos históricos |
| Subdivisión geográfica | Santo Domingo (República Dominicana) |
| 650 #4 - ENCABEZAMIENTO DE MATERIA--TEMÁTICO | |
| Término temático o nombre geográfico como elemento de entrada | Ciudades y pueblos |
| Subdivisión geográfica | República Dominicana |
| 651 #4 - ENCABEZAMIENTO DE MATERIA--NOMBRE GEOGRÁFICO | |
| Nombre geográfico | Santo Domingo (República Dominicana) |
| Subdivisión temática general | Descripciones y viajes |
| 910 ## - VALIDACIÓN | |
| Validación | VMateo V. |
| 942 ## - ADDED ENTRY ELEMENTS (KOHA) | |
| Source of classification or shelving scheme | Dewey Decimal Classification |
| Koha item type | Libros |
| Withdrawn status | Lost status | Source of classification or shelving scheme | Damaged status | Not for loan | Collection code | Home library | Current library | Date acquired | Source of acquisition | Total Checkouts | Full call number | Barcode | Date last seen | Price effective from | Koha item type | Copy number |
|---|---|---|---|---|---|---|---|---|---|---|---|---|---|---|---|---|
| Dewey Decimal Classification | Colección Dominicana | Biblioteca Pública Metropolitana Salomé Ureña | Biblioteca Pública Metropolitana Salomé Ureña | 12/28/2021 | Fundación Joaquín Balaguer | BPMSU CD 917.293 B171g, 1992 | BPMSU21120024 | 12/28/2021 | 12/28/2021 | Libros | ||||||
| Dewey Decimal Classification | Colección Dominicana | Biblioteca Pública Metropolitana Salomé Ureña | Biblioteca Pública Metropolitana Salomé Ureña | 12/28/2021 | Fundación Joaquín Balaguer | BPMSU CD 917.293 B171g 1992 | BPMSU21120025 | 12/28/2021 | 12/28/2021 | Libros | e.2 | |||||
| Dewey Decimal Classification | Colección Dominicana | Biblioteca Pública Metropolitana Salomé Ureña | Biblioteca Pública Metropolitana Salomé Ureña | 12/28/2021 | Fundación Joaquín Balaguer | BPMSU CD 917.293 B171g 1992 | BPMSU25110095 | 11/25/2025 | 12/28/2021 | Libros | e.3 |